000 00768nam a22001817a 4500
005 20260311151221.0
010 _aBACHN26
020 _a9789360864330
_c1495.00
037 _bराजकमल प्रकाशन
082 _21
_a954.025
100 _aमूसवी, शीरीं
_988319
245 _aमुग़ल सल्तानंत की अर्थव्यवस्था /
_cशीरीं मूसवी ; नरेश द्वारा अनुवादित
250 _a1
260 _aनई दिल्ली
_bराजकमल प्रकाशन
_c2024
300 _a463पृ.
_c22सेमी.(सजिल्द)
700 _aनरेश
_988320
942 _2ddc
_h954.025
_mमूसवी
_cHN
999 _c215473
_d215473